|
|
|
|
| LEADER |
01520nam a2200409Ia 4500 |
| 001 |
EBC1356329 |
| 003 |
MiAaPQ |
| 005 |
20200520144314.0 |
| 006 |
m o d | |
| 007 |
cr cn||||||||| |
| 008 |
911129s1992 enka sb 001 0 eng d |
| 010 |
|
|
|z 91044793
|
| 020 |
|
|
|z 0415059410 (PB)
|
| 020 |
|
|
|z 0415073847 (HB)
|
| 020 |
|
|
|z 9780203383766
|
| 020 |
|
|
|z 9780415825030
|
| 035 |
|
|
|a (MiAaPQ)EBC1356329
|
| 035 |
|
|
|a (Au-PeEL)EBL1356329
|
| 035 |
|
|
|a (CaPaEBR)ebr10752016
|
| 035 |
|
|
|a (CaONFJC)MIL512585
|
| 035 |
|
|
|a (OCoLC)870590150
|
| 040 |
|
|
|a MiAaPQ
|c MiAaPQ
|d MiAaPQ
|
| 050 |
|
4 |
|a T49.5
|b .S33 1992
|
| 082 |
0 |
4 |
|a 658.5/7
|2 20
|
| 100 |
1 |
|
|a Scarbrough, Harry,
|d 1955-
|
| 245 |
1 |
0 |
|a Technology and organization
|h [electronic resource] :
|b power, meaning and design /
|c Harry Scarbrough and J. Martin Corbett.
|
| 260 |
|
|
|a London ;
|a New York :
|b Routledge,
|c 1992.
|
| 300 |
|
|
|a vii, 178 p. :
|b ill.
|
| 490 |
0 |
|
|a The Routledge series in analytical management
|
| 504 |
|
|
|a Includes bibliographical references (p. [159]-171) and index.
|
| 533 |
|
|
|a Electronic reproduction. Ann Arbor, MI : ProQuest, 2015. Available via World Wide Web. Access may be limited to ProQuest affiliated libraries.
|
| 650 |
|
0 |
|a Technological innovations
|x Management.
|
| 650 |
|
0 |
|a Technology
|x Management.
|
| 655 |
|
4 |
|a Electronic books.
|
| 700 |
1 |
|
|a Corbett, J. Martin,
|d 1956-
|
| 710 |
2 |
|
|a ProQuest (Firm)
|
| 856 |
4 |
0 |
|u https://ebookcentral.proquest.com/lib/matrademy/detail.action?docID=1356329
|z Click to View
|